000
00292nam a2200121Ia 4500
008
190216s9999||||xx |||||||||||||| ||und||
100
_a
Manohara Varma M R
245
0
_a
"Hindi-Utho,Jaago,Bano Vijeta"
260
_b
Devamshu Prakashan
_c
2006
300
_a
152
650
_a
Hindi
942
_c
BK
999
_c
16433
_d
16433